[Event "POL-chT 1st League"]
[Site "Leba"]
[Date "2023.09.30"]
[Round "8.10"]
[White "Smietanska, Wiktoria"]
[Black "Czyz, Alicja"]
[Result "1-0"]
[WhiteElo "2071"]
[BlackElo "1462"]
[PlyCount "51"]
[EventDate "2023.09.23"]
[EventType "team-swiss"]
[EventRounds "9"]
[EventCountry "POL"]
[SourceTitle "CBM 216 Extra"]
[Source "ChessBase"]
[SourceDate "2023.11.30"]
[SourceVersion "1"]
[SourceVersionDate "2023.11.30"]
[SourceQuality "1"]
[WhiteTeam "Wroclaw Polonia"]
[BlackTeam "Chroscice Victoria"]
[WhiteTeamCountry "POL"]
[BlackTeamCountry "POL"]

1. d4 d5 2. Nf3 Nf6 3. c4 c6 4. e3 Bf5 5. Nc3 e6 6. Be2 Nbd7 7. 0-0 Be7 8. b3 Qc7 9. Bb2 h5 10. Bd3 Be4 11. Rc1 g5 12. cxd5 exd5 13. Bxe4 dxe4 14. Nd2 Ng4 15. g3 f5 16. d5 Bf6 17. dxc6 Qxc6 18. Ncxe4 Qa6 19. Nxf6+ Ngxf6 20. Nc4 0-0 21. Ba3 Rfd8 22. Qd6 b6 23. Qe6+ Kg7 24. Bb2 Kg6 25. Bxf6 Nxf6 26. Ne5+ 1-0